<?xml version="1.0" encoding="UTF-8"?>
<collection xmlns:xsi="http://www.w3.org/2001/XMLSchema-instance" xsi:schemaLocation="http://www.loc.gov/MARC21/slim http://www.loc.gov/standards/marcxml/schema/MARC21slim.xsd" xmlns="http://www.loc.gov/MARC21/slim">
 <record>
  <leader>00000cmm a2200000 i 4500</leader>
  <controlfield tag="001">UP-99796217613592036</controlfield>
  <controlfield tag="003">Buklod</controlfield>
  <controlfield tag="005">20221115102323.0</controlfield>
  <controlfield tag="006">m    |o  d |      </controlfield>
  <controlfield tag="007">cr || |||a|a|a</controlfield>
  <controlfield tag="008">221115t20142014mau    go  u  ||1 0 eng d</controlfield>
  <datafield tag="020" ind1=" " ind2=" ">
   <subfield code="a">9780262320207(eBook)</subfield>
  </datafield>
  <datafield tag="035" ind1=" " ind2=" ">
   <subfield code="a">(iLib)UPD-00522072185</subfield>
  </datafield>
  <datafield tag="040" ind1=" " ind2=" ">
   <subfield code="a">DLC</subfield>
   <subfield code="d">DENGII</subfield>
   <subfield code="e">rda</subfield>
  </datafield>
  <datafield tag="041" ind1="0" ind2=" ">
   <subfield code="a">eng</subfield>
  </datafield>
  <datafield tag="042" ind1=" " ind2=" ">
   <subfield code="a">DMLUC</subfield>
  </datafield>
  <datafield tag="084" ind1=" " ind2=" ">
   <subfield code="a">HQ 799.2 P6</subfield>
   <subfield code="b">S64 2014eb</subfield>
  </datafield>
  <datafield tag="100" ind1="1" ind2=" ">
   <subfield code="a">Soep, Elisabeth</subfield>
   <subfield code="e">author.</subfield>
  </datafield>
  <datafield tag="245" ind1="1" ind2="0">
   <subfield code="a">Participatory politics</subfield>
   <subfield code="b">next-generation tactics to remake public spheres</subfield>
   <subfield code="c">Elisabeth Soep.</subfield>
  </datafield>
  <datafield tag="264" ind1=" " ind2="1">
   <subfield code="a">Cambridge, Massachusetts.</subfield>
   <subfield code="b">The MIT Press</subfield>
   <subfield code="c">[2014]</subfield>
  </datafield>
  <datafield tag="300" ind1=" " ind2=" ">
   <subfield code="a">1 online resource.</subfield>
  </datafield>
  <datafield tag="336" ind1=" " ind2=" ">
   <subfield code="a">text</subfield>
   <subfield code="2">rdacontent</subfield>
  </datafield>
  <datafield tag="337" ind1=" " ind2=" ">
   <subfield code="a">computer</subfield>
   <subfield code="2">rdamedia</subfield>
  </datafield>
  <datafield tag="338" ind1=" " ind2=" ">
   <subfield code="a">online resource</subfield>
   <subfield code="2">rdacarrier</subfield>
  </datafield>
  <datafield tag="490" ind1="0" ind2=" ">
   <subfield code="a">The John D. and Catherine T. MacArthur Foundation reports on digital media and learning</subfield>
  </datafield>
  <datafield tag="500" ind1=" " ind2=" ">
   <subfield code="a">(viewed 12 November 2021)</subfield>
  </datafield>
  <datafield tag="505" ind1="0" ind2="0">
   <subfield code="a">Introduction -- Participatory politics : what sets it apart? -- Five tactics of participatory politics -- Literacies that support participatory politics -- Mind the risks -- Concluding thoughts.</subfield>
  </datafield>
  <datafield tag="506" ind1="0" ind2=" ">
   <subfield code="a">IP based subscription, on campus and remote access.</subfield>
   <subfield code="c">Access via Electronic Resources of the UPD Engineering Library and University Library websites.</subfield>
  </datafield>
  <datafield tag="533" ind1=" " ind2=" ">
   <subfield code="a">Electronic reproduction.</subfield>
   <subfield code="b">Massachusetts</subfield>
   <subfield code="c">The MIT Press</subfield>
   <subfield code="d">2014.</subfield>
   <subfield code="n">Available via World Wide Web through MIT Press Direct.</subfield>
  </datafield>
  <datafield tag="650" ind1="0" ind2="0">
   <subfield code="a">Youth</subfield>
   <subfield code="x">Political activity.</subfield>
  </datafield>
  <datafield tag="650" ind1="0" ind2="0">
   <subfield code="a">Political participation</subfield>
   <subfield code="x">Technological innovations.</subfield>
  </datafield>
  <datafield tag="650" ind1="0" ind2="0">
   <subfield code="a">Internet and youth</subfield>
   <subfield code="x">Political aspects.</subfield>
  </datafield>
  <datafield tag="650" ind1="0" ind2="0">
   <subfield code="a">Community leadership.</subfield>
  </datafield>
  <datafield tag="650" ind1="0" ind2="0">
   <subfield code="a">Electronic books.</subfield>
  </datafield>
  <datafield tag="658" ind1=" " ind2=" ">
   <subfield code="a">Computer programming I</subfield>
   <subfield code="c">CS 11</subfield>
   <subfield code="2">College of Engineering, University of the Philippines Diliman.</subfield>
  </datafield>
  <datafield tag="658" ind1=" " ind2=" ">
   <subfield code="a">Introduction to Information Technology</subfield>
   <subfield code="c">IT 100</subfield>
   <subfield code="2">College of Engineering, University of the Philippines Diliman.</subfield>
  </datafield>
  <datafield tag="658" ind1=" " ind2=" ">
   <subfield code="a">Information Systems in Enterprises</subfield>
   <subfield code="c">IT 110</subfield>
   <subfield code="2">College of Engineering, University of the Philippines Diliman.</subfield>
  </datafield>
  <datafield tag="658" ind1=" " ind2=" ">
   <subfield code="a">Introduction to Computer Programming</subfield>
   <subfield code="c">ES 26</subfield>
   <subfield code="2">College of Engineering, University of the Philippines Diliman.</subfield>
  </datafield>
  <datafield tag="842" ind1=" " ind2=" ">
   <subfield code="a">Electronic Resource</subfield>
  </datafield>
  <datafield tag="856" ind1="4" ind2="0">
   <subfield code="u">https://doi.org/10.7551/mitpress/9515.001.0001</subfield>
   <subfield code="z">Available for University of the Philippines Diliman via MIT Press Direct. Click here to access</subfield>
  </datafield>
  <datafield tag="856" ind1="4" ind2="0">
   <subfield code="u">https://direct-mit-edu.ezproxy.engglib.upd.edu.ph/books/book/3026/Participatory-PoliticsNext-Generation-Tactics-to</subfield>
   <subfield code="z">Also available remotely for University of the Philippines Diliman via MIT Press Direct. Click here to access thru EZproxy</subfield>
  </datafield>
  <datafield tag="905" ind1=" " ind2=" ">
   <subfield code="a">FO</subfield>
  </datafield>
  <datafield tag="852" ind1="0" ind2=" ">
   <subfield code="a">UPD</subfield>
   <subfield code="b">DENG-II</subfield>
   <subfield code="h">HQ 799.2 P6</subfield>
   <subfield code="i">S64 2014eb</subfield>
  </datafield>
  <datafield tag="942" ind1=" " ind2=" ">
   <subfield code="a">Electronic Resource</subfield>
  </datafield>
 </record>
</collection>
